| 000 | 00643nam a2200241Ia 4500 | ||
|---|---|---|---|
| 003 | OSt | ||
| 005 | 20220926042258.0 | ||
| 006 | a|||||r|||| 00| 0 | ||
| 007 | ta | ||
| 008 | 220923b |||||||| |||| 00| 0 eng d | ||
| 037 | _cGeneral Book | ||
| 040 |
_aRTL _cRTL _beng |
||
| 041 |
_2eng _aeng |
||
| 082 | _aX9(D66):(Z2,N10).N60, K0/GD | ||
| 110 |
_aINDIA, LAW (M/O). _9259441 |
||
| 245 | 0 | _aIndian electricity act, 1910 | |
| 260 | _c1960 | ||
| 300 |
_a54p. _ccm. |
||
| 650 | _aElectrical | ||
| 700 |
_aINDIA, LAW (M/O). _9259442 |
||
| 942 |
_hX9(D66):(Z2,N10).N60, K0/GD _cGB _2CC |
||
| 999 |
_c669366 _d669366 |
||